000 00334nam a2200133Ia 4500
008 220216s9999 xx 000 0 und d
100 _aDe Vries A J
245 0 _aElectron microscopy of hevea latex gels
260 _bIRI Transactions
_c1954
300 _a76-80
650 _aHevea latex gels
700 _aDalitz V CH
942 _cJS
999 _c58531
_d58531